Statistics for Parallels in Taylor Swift Song Titles #1

Click here to take the quiz!

General Stats

  • This quiz has been taken 173 times
    (12 since last reset)
  • The average score is 18 of 41

Answer Stats

HintSong Names% Correct
Hey Stephen
88%
StoryLove Story
88%
The Story of Us
88%
Dancing With Our Hands Tied
75%
Dear John
75%
dorothea
75%
marjorie
75%
Maroon
75%
Midnight Rain
75%
Beautiful Eyes
63%
betty
63%
PlacesParis
63%
Red
63%
TiedTied Together With a Smile
63%
Boys' NamesTim McGraw
63%
Come Back... Be Here
50%
EyesEyes Open
50%
Lavender Haze
50%
long story short
50%
Ellipsis (...)... Ready For It?
50%
Welcome to New York
50%
London Boy
38%
Girls' NamesMary's Song (Oh My My My)
38%
Ronan
38%
Snow on the Beach
38%
ColourWhite Horse
38%
WeatherCome In With The Rain
25%
Florida!!! (feat. Florence + The Machine)
25%
gold rush
25%
Peter
25%
Question... ?
25%
So Long, London
25%
Cassandra
13%
coney island
13%
Cornelia Street
13%
So It Goes...
13%
thanK you aIMee
13%
When Emma Falls In Love
13%
Chloe or Sam or Sophia or Marcus
0%
Chloe or Sam or Sophia or Marcus
0%
Clara Bow
0%

Score Distribution

Percentile by Number Answered

Percent of People with Each Score

Your Score History

You have not taken this quiz since the last reset